Central Library OPAC University of Rajshahi

Attention in learning : (Record no. 2187)

MARC details
000 -LEADER
fixed length control field 00825pam a2200265 i 4500
001 - CONTROL NUMBER
control field 2187
003 - CONTROL NUMBER IDENTIFIER
rucl marc code BD-RjUL
005 - DATE AND TIME OF LATEST TRANSACTION
control field 20211208233512.0
008 - FIXED-LENGTH DATA ELEMENTS--GENERAL INFORMATION
fixed length control field 131210s1968 nyu b 001 0 eng d
035 ## - SYSTEM CONTROL NUMBER
System control number (BD-RjUL)2214
040 ## - CATALOGING SOURCE
Original cataloging agency DLC
Transcribing agency DLC
Modifying agency DLC
-- BD-RjUL
Language of cataloging eng
041 ## - LANGUAGE CODE
Language code of text/sound track or separate title eng
082 00 - DEWEY DECIMAL CLASSIFICATION NUMBER
Classification number 153.1532
Author mark and year TRA 1968
100 1# - MAIN ENTRY--PERSONAL NAME
Personal name Trabasso, Tom.
9 (RLIN) 7146
245 10 - TITLE STATEMENT
Title Attention in learning :
Remainder of title theory and research /
Statement of responsibility, etc. Tom Trabasso, Gordon H. Bower, with the collaboration of Rochel Gelman.
260 ## - PUBLICATION, DISTRIBUTION, ETC. (IMPRINT)
Place of publication, distribution, etc. Huntington, N.Y. :
Name of publisher, distributor, etc. R. E. Krieger Pub. Co.,
Date of publication, distribution, etc. c1968.
300 ## - PHYSICAL DESCRIPTION
Pagination xi, 253 p. ;
Size 24 cm.
504 ## - BIBLIOGRAPHY, ETC. NOTE
Bibliography, etc Includes index.
Bibliography, etc Bibliography: p. 235-244.
650 #0 - SUBJECT ADDED ENTRY--TOPICAL TERM
Topical term or geographic name as entry element Attention.
9 (RLIN) 7147
700 1# - ADDED ENTRY--PERSONAL NAME
Personal name Bower, Gordon H.,
Relator term joint author.
942 ## - ADDED ENTRY ELEMENTS (KOHA)
Source of classification or shelving scheme Dewey Decimal Classification
Koha item type Books
Holdings
Lost status Source of classification or shelving scheme Damaged status Not for loan Collection code Permanent Location Current Location Shelving location Date acquired Source of acquisition Cost, normal purchase price Total Checkouts Full call number Date last seen Copy number Koha item type
  Dewey Decimal Classification   Not For Loan Non-fiction Central Library, University of Rajshahi Central Library, University of Rajshahi Reading Room 09/08/1971 Zeithlinger. 79.00   153.1532 TRA 1968 10/12/2013 C-1 Books